Дело об увеличении денежных способов химической лаборатории Санкт-Петербургского университета и её учебно-вспомогательных учрежд...

Доступно только в Электронных читальных залах Найти на картеНа карте
RUSMARC
00003784nmc2a22000003x 450
0019da550e2-3f2c-4010-a508-3011d54e8140
00520180711165111.0
100##$a20160418l18721873k l0rusy0189 ca
1010#$arus
102##$aRU
2001#$aДело об увеличении денежных способов химической лаборатории Санкт-Петербургского университета и её учебно-вспомогательных учреждений
$j17 марта 1872 г. - 27 января 1873 г.
251##$cДело
300##$aДело
801#0$aRU
$bРГИА
$c20160418
$gRCR
801#1$aRU
$bГлавНИВЦ
$c20160418
$2rusmarc
801#2$aRU
$bПБ им. Б.Н. Ельцина
$c20180711
$gRCR
$2rusmarc
850##$aРГИА
852##$aРГИА
$eФедеральное казенное учреждение "Российский государственный исторический архив" (РГИА)
$j1013
937##$hРГИА
$d12196316
$aASBIBLIO_SCAN
462#0$100175ee99a9-5750-4f16-9283-bc673fb37de8
$12001
$aДела разряда высших учебных заведений Департамента народного просвещения за 1838-1872 гг.
$1251
$cОпись
$1852
$j147
461#0$1001a74412a3-3cc5-4d21-8f0a-dfe2fbd9e72d
$12001
$aДепартамент народного просвещения Министерства народного просвещения (1803-1917)
$1251
$cФонд
$1852
$j733
215##$a54 л.
$d36,5х26 см
371##$aДокумент не является опубликованным и широко распространяемым
105##$ay###
1222#$ad
035##$a9da550e2-3f2c-4010-a508-3011d54e8140
856##$uhttp://readingroom.main.prlib.ru/item.aspx?id_node=n117146087&mode=full
Формат отображения